04060cam a2200445 i 4500001000700000003001000007005001700017007000300034008004100037020002700078020002400105035001100129035002100140040003500161041001300196050000700209060000700216082000800223100003900231245004400270246003800314250001700352264007800369300008500447336002700532337001500559338001200574504005300586505165500639520099602294650004703290650003003337650003103367650003503398650003203433650003203465700004503497700004003542700003203582676298CO-MdUADB20260506091544.0ta010724s2014 aod fr 1 0dspa d a9780736087728qISBN-13 a0736087729qISBN-10 a676298 a(OCoLC)639575480 cCO-MdUADBaCO-MdUADBbspaerda1 aspaheng 4aQP 4aQT74a61310aKenney, W. Larry,d1957-4auteaut10aFisiología del deporte y el ejercicio01aPhysiology of sports and exercise a5. edición 1aBuenos Aires :bEditorial Médica Panamericana ;bHuman Kinetics,c2014. axvii, 621 páginas :bilustraciones a color, fotografías, gráficos, tablas. 2rdacontentatextobtxt ano mediado avolumen aIncluye referencias bibliográficas e índice.00a tPrefacio. --t Introducción: introducción a la fisiología del ejercicio y el deporte. -- tI. Ejercicio muscular. -- t1. Estructura y función del músculo durante el ejercicio. --t2. Combustible para el ejercicio: bioenergética y metabolismo muscular. --t3. Control neural de los músculos durante el ejercicio. --t4. Control hormonal durante el ejercicio. --t5. Gasto energético y fatiga. --tII. Función cardiovascular y respiratoria. --t6. El aparato cardiovascular y su control. --t7. El aparato respiratorio y su regulación. --t8. Respuestas cardiorrespiratorias al ejercicio agudo. --tIII. Entrenamiento. --t9. Principios del entrenamiento. --t10. Adaptaciones al entrenamiento con sobrecarga. --t11. Adaptaciones al entrenamiento aeróbico y anaeróbico. --tIV. Efectos del medioambiente sobre el rendimiento. --t12. Ejercicio en ambientes calurosos y fríos. --t13. Ejercicio en la altura. --tV. Optimización del rendimiento deportivo. --t14. Entrenamiento para el deporte. --t15. Composición corporal y nutrición para el deporte. --t16. Ayudas ergogénicas y deporte. --tVI. Consideraciones relacionadas con la edad y el sexo en el deporte y el ejercicio. --t17. Niños y adolescentes en el deporte y el ejercicio. --t18. Deporte y ejercicio en adultos mayores. --t19. Diferencias sexuales en el deporte y el ejercicio. --tVII. Actividad física para la salud y la aptitud física. --t20. Prescripción del ejercicio para la salud y la aptitud física. --t21. Enfermedades cardiovasculares y actividad física. --t22. Obesidad, diabetes y actividad física. --tGlosario.3 aFisiología del deporte y el ejercicio es el libro de texto de referencia en los cursos universitarios de fisiología del ejercicio. Esta 5. edición ha sido actualizada por completo, tanto en su contenido como en su diseño gráfico. Todos los autores son investigadores distinguidos y expresidentes del American College of Sports Medicine, y su experiencia conjunta se refleja en un contenido técnico de excelencia presentado en un formato accesible y ameno para el lector. La 5. edición ha sido rediseñada para mejorar su presentación visual y facilitar a los estudiantes su experiencia de aprendizaje. Sus fotografías, ilustraciones y diagramas completamente renovados ofrecen mayor detalle y claridad a fin de ilustrar cómo funciona el organismo y sus respuestas a la actividad física. Asimismo, el texto se ha actualizado para incluir las últimas investigaciones en la especialidad, y se ha reorganizado la estructura de los capítulos. (Tomado de la contratapa).17aEjercicioxAspectos fisiológicos2armarc17aEjercicio físico2embne24aEjercicio físico y salud17aEntrenamiento deportivo2embne17aRendimiento atlético2dcs27aComposición corporal2dcs10aWilmore, Jack Harrison,4auteautd1938-10aCostill, David L.,4auteautd1936-10aRosso, Sebastián delerev